000 00717nam a2200241 a 4500
999 _c10592
_d10592
001 10592
003 BD-JhCC
005 20180728085008.0
008 180728s20131999bg |||| ||a| 000 0 ben d
020 _a9844600359
035 _a(BD-JhCC)10592
040 _aBD-JhCC
_dBD-JhCC
041 _aben
082 _223
_a891.4409
_bUDD 2013
100 _aউদ্দীন, জসীম
_qপল্লীকবি
245 _aবাউল /
_bজসীম উদ্দীন
260 _aঢাকা:
_bপলাশ প্রকাশনী,
_c২০১৩
300 _a157 p.:
_c22 cm.
650 _aBengali Literature
650 _aবাংলা সাহিত্য
942 _2ddc
_cBK